| 000 | 00909nac a22002651u 4500 | ||
|---|---|---|---|
| 003 | EG-ScBUE | ||
| 005 | 20211115124152.0 | ||
| 008 | 200219s1988 le f 000 d eng d | ||
| 040 |
_aEG-ScBUE _beng _erda _cEG-ScBUE _dEG-ScBUE |
||
| 082 | 0 | 4 |
_a822.912 _bSYN _222 |
| 100 | 1 |
_aSynge, J. M. _q(John Millington), _d1871-1909, _eauthor. _939450 |
|
| 245 | 1 | 4 |
_aThe playboy of the western world : _bwith an introduction, a guide, notes and a glossary / _cJohn Millington Synge. |
| 264 | 1 |
_aBeirut : _bYork Press, _c1988. |
|
| 300 |
_axxviii, 97 pages ; _c20 cm. |
||
| 336 |
_2rdacontent _atext _btxt |
||
| 337 |
_2rdamedia _aunmediated _bn |
||
| 338 |
_2rdacarrier _avolume _bnc |
||
| 490 | 0 | _aYork classics | |
| 650 | 7 |
_aPeasants _zIreland _vDrama. _2BUEsh |
|
| 650 | 7 |
_aFathers and sons _vDrama. _2BUEsh |
|
| 651 | _2BUEsh | ||
| 653 |
_bHHUUEENN _cNovember2021 |
||
| 655 |
_vReading book _934232 |
||
| 942 |
_cBB _2ddc |
||
| 999 |
_c237 _d237 |
||